000 01537nam a2200289 4500
003 EC-UNACH
005 20250929151027.0
006 s||||gr|||| 00| 00
008 150116t9999 mx r gr 000 0 spa d
020 _a978-1-61177-629-4
040 _aEC-UNACH
_cEC-UNACH
041 _aspa
082 0 4 _223
_a929
_bL018286
100 _aL. RONALD HUBBARD
245 _aCompositor interprete y arreglista
250 _aPrimera Edición
264 _aEstados Unidos
_bBRIDGE PUBLICATIONS
_c2012
300 _a171 páginas
505 _a"Crónica de la extraordinaria vida y la inmensa magnitud de los viajes de L. Ronald Hubbard. Detallando los logros del Sr. Hubbard junto con un sinnúmero de lugares que visitó; y todo contado a través de una multitud de documentos de archivo e imágenes nunca antes vistas. Conoce a L. Ronald Hubbard —la vida, el legado, el hombre— con los relatos más profundos, exhaustivos y personales de su extraordinaria vida que se hayan recopilado nunca. 1. Compositor, intérprete y arreglista. 2. Una introducción a L. Ronald Hubbart. 3. Una herencia musical. 4. El arte de la música. 5. Director musical. 6. Jazz espacial. 7. Misión tierra. 8. El estudio de música de L. Ronald Hubbard. 9. El camino hacia la libertad. 10. Epílogo."
650 _aFILÁNTROPO - BIOGRAFÍA
650 _aFILÓSOFO - ARTISTA
650 _aVIDA - LOGROS
942 _2ddc
_c1
999 _c13939